| 000 | 00321nam a22001097a 4500 | ||
|---|---|---|---|
| 100 |
_aNS MUHAMMAD ROSHAAN BUTT _972921 |
||
| 245 | _aPR-SOF-1864-Thermal Peek | ||
| 260 |
_aISLAMABAD _bNUST COLLEGE OF EME _c2020 |
||
| 650 |
_a DE-COMP-38 _972922 |
||
| 700 |
_aSUPERVISOR DR. USMAN AKRAM DR. AHSAN SHEHZAD _972923 |
||
| 942 | _cCR | ||
| 999 |
_c578881 _d578881 |
||